| 000 | 00685nam a2200205 a 4500 | ||
|---|---|---|---|
| 001 | 3776 | ||
| 005 | 20140414131925.0 | ||
| 008 | 061012s19uu xx 00 eng d | ||
| 020 | _a0-8193-1119-7 | ||
| 050 |
_aER _bW56 1983 |
||
| 100 | _aCalmenson, Stephanie | ||
| 245 |
_aWhere will the animals stay? / _cby Stephanie Calmenson ; pictures by Ellen Appleby. |
||
| 260 |
_aNew York : _bParents Magazine Press, _c1983. |
||
| 300 | _a1 v. p. : ill. ; cm. | ||
| 520 | _aZoo animals needing a place to stay temporarily are offered an apartment house. | ||
| 650 |
_aZoo animals _xFiction. |
||
| 650 |
_aApartment houses _xFiction. |
||
| 650 | _aStories in rhyme. | ||
| 999 |
_c111935 _d111935 |
||